Medagliere Olimpiadi estive Los Angeles 1984 - Statistics

Statistiche generali
  • Questo quiz è stato fatto 3 volte
  • Il punteggio medio è 8 su 10
Statistiche sulle risposte
Medaglie d'Oro Medaglie d'Argento Medaglie di Bronzo Medaglie complessive Rappresentativa olimpica % Corretto
4 8 12 24 Australia
100%
5 7 16 28 Francia
100%
14 6 12 32 Italia
100%
83 61 30 174 Stati Uniti
100%
10 18 16 44 Canada
67%
15 8 9 32 Cina
67%
17 19 23 59 Germania Ovest
67%
10 8 14 32 Giappone
67%
5 11 21 37 Gran Bretagna
67%
20 16 17 53 Romania
33%
Nessun quiz corrispondente trovato
Distribuzione punteggi
Percentuale di utenti per punteggio
Percentile per numero di risposta
I tuoi punteggi nel tempo
Non hai fatto questo quiz